000 00394cam a2200145ua 4500
041 _aeng
_h
082 _a621.301
_bAND/AU
100 _aAnderson, Edwin P .
245 _aAndels Electrical Power calculations with diagrams /
_cP Edwin.
_hTextual Documents
260 _a :
_bTaraperevala Sons and Co Pvt Ltd ,
_c1969.
300 _a468 ; .
504 _a
942 _cBK
999 _c3326
_d3326